Name a Valid Postcode Area for Each Letter of the Alphabet - Statistics

General Stats
  • This quiz has been taken 11 times
  • The average score is 15 of 20
Answer Stats
Letter Area % Correct
L Liverpool | Lancaster | Llandrindod Wells | Leicester | Llandudno | Lincoln | Leeds | Luton | Lerwick
91%
M Manchester | Milton Keynes | Motherwell
91%
S St Albans | Sheffield | Swansea | South East London | Stevenage | Stockport | Slough | Sutton | Swindon | Southampton | Salisbury | Sunderland | Southend-on-Sea | Stoke-on-Trent | South West London | Shrewsbury | Southall
91%
A Aberdeen
82%
B Birmingham | Bath | Blackburn | Bradford | Bournemouth | Bolton | Brighton | Bromley | Bristol | Belfast | Blackpool
82%
C Carlisle | Cambridge | Cardiff | Chester | Chelmsford | Colchester | Croydon | Canterbury | Coventry | Crewe | Cleveland
82%
E East London | East Central London | Edinburgh | Enfield | Exeter
82%
D Dartford | Dundee | Derby | Dumfries | Durham | Darlington | Doncaster | Dorchester | Dudly
73%
G Glasgow | Gloucester | Guildford | Galashiels
73%
H Harrow | Huddersfield | Harrogate | Hemel Hempstead | Hereford | Hebrides | Hull | Halifax
73%
I Ilford | Ipswich | Inverness
73%
N North London | Newcastle upon Tyne | Nottingham | Northampton | Newport | Norwich | North West London
73%
O Oldham | Oxford
73%
P Paisley | Peterborough | Perth | Plymouth | Portsmouth | Preston
73%
R Rochester | Reading | Redhill | Romford
73%
K Kilmarnock | Kingston upon Thames | Kirkwall | Kirkcaldy
64%
T Taunton | Telford | Tunbridge Wells | Torquay | Truro | Twickenham
64%
W West London | Warrington | West Central London | Watford | Wakefield | Wigan | Worcester | Walsall | Wolverhampton
64%
Y York
55%
F Falkirk
36%
No matching quizzes found
Score Distribution
Percent of People with Each Score
Percentile by Number Answered
Your Score History
You have not taken this quiz